000 01135nam a22002537a 4500
005 20240530110555.0
008 160224s2011 ua ak g b 000 jdara d
017 _a2010/21601
_bمصر . دار الكتب المصرية
020 _a9789774796770
040 _aEG-CaGPL
082 0 4 _221
_a813.009\
_bس ق
100 0 _aسامى حسين عبدالستار الشيخلى
245 1 2 _aالقرية المصرية :
_bالكرنك فى قصص الكاتب يحيى الطاهر عبدالله ( 1981 - 1938 ) /
_cتاليف و ترجمة سامى حسين عبدالستار الشيخلى
250 _aط1
260 _aالقاهرة :
_bالمركز القومى للترجمة ،
_c2011 .
300 _a265 ص :
_bايض ؛
_c24 سم .
490 _aالمشروع القومى للترجمة ؛
_v1490
504 _aيشتمل على ارجاعات ببليوجرافية
600 0 4 _aيحيى الطاهر عبدالله
_d1938 - 1981 م
650 0 4 _aالادب العربى
_xتاريخ و نقد
650 0 4 _aالقصص القصيرة
942 _2ddc
_cBK
999 _c62537
_d62537